USA Presidents: First Name, Last Name, Year, Party - Statistics

General Stats
  • This quiz has been taken 685 times
  • The average score is 23 of 44
Answer Stats
Hint Answer % Correct
44th Barack Obama 2009 Democrat
97%
43rd George W. Bush 2001 Republican
87%
42nd Bill Clinton 1993 Democrat
82%
41st George Bush 1989 Republican
81%
40th Ronald Reagan 1981 Republican
78%
39th Jimmy Carter 1977 Democrat
76%
38th Gerald Ford 1974 Republican
73%
37th Richard Nixon 1969 Republican
73%
35th John F. Kennedy 1961 Democrat
72%
36th Lyndon B. Johnson 1963 Democrat
71%
34th Dwight D. Eisenhower 1953 Republican
69%
32nd Franklin D. Roosevelt 1933 Democrat
69%
33rd Harry S. Truman 1945 Democrat
68%
31st Herbert Hoover 1929 Republican
62%
30th Calvin Coolidge 1923 Republican
53%
28th Woodrow Wilson 1913 Democrat
52%
26th Theodore Roosevelt 1901 Republican
50%
29th Warren G. Harding 1921 Republican
50%
16th Abraham Lincoln 1861 Republican
48%
27th William Howard Taft 1909 Republican
48%
25th William McKinley 1897 Republican
48%
24th Grover Cleveland 1893 Democrat
45%
18th Ulysses S. Grant 1869 Republican
45%
22nd Grover Cleveland 1885 Democrat
44%
17th Andrew Johnson 1865 Democrat
43%
23rd Benjamin Harrison 1889 Republican
43%
15th James Buchanan 1857 Democrat
42%
21st Chester A. Arthur 1881 Republican
41%
20th James A. Garfield 1881 Republican
41%
19th Rutherford B. Hayes 1877 Republican
41%
14th Franklin Pierce 1853 Democrat
37%
1st George Washington 1789 Independent
37%
2nd John Adams 1797 Federalist
37%
3rd Thomas Jefferson 1801 Democratic-Republican
37%
7th Andrew Jackson 1829 Democrat
36%
4th James Madison 1809 Democratic-Republican
35%
8th Martin Van Buren 1837 Democrat
35%
5th James Monroe 1817 Democratic-Republican
34%
12th Zachary Taylor 1849 Whig
33%
11th James K. Polk 1845 Democrat
31%
6th John Quincy Adams 1825 Democratic-Republican
31%
10th John Tyler 1841 Whig/Independent
31%
9th William Henry Harrison 1841 Whig
31%
13th Millard Fillmore 1850 Whig
30%
No matching quizzes found
Score Distribution
Percent of People with Each Score
Percentile by Number Answered
Your Score History
You have not taken this quiz